00292nam a2200121Ia 4500100002900000650001200029654002700041245002800068260003500096082001900131300000800150546001200158 aSampson/ M.A/ Eapen/S.S  aEnglish aCommunication skills I aCommunication Skills I bNirali prakashanaMumbaic1996 a302.2bSAM/EAP a194 aENGLISH